Programa de Formación Docente Pedagógica. Curso de Aprendizaje y Evaluación. (Registro nro. 744)

Detalles MARC
000 -LEADER
fixed length control field 01013 am a2200289 a 4500
005 - FECHA ULTIMA MODIFICACION
control field 20240521092139.0
008 - CAMPO DE CONTROL (LIBRO)
fixed length control field 100917s1992||||ag d f |||| 001 0 spa d
020 ## - INTERNATIONAL STANDARD BOOK NUMBER
ISBN 950710010027X
041 ## - CODIGO DE IDIOMA
Código de idioma del texto/pista de sonido o título separado spa
092 ## - SIGNATURA TOPOGRAFICA DEWEY LOCAL
número de clasificación 370.73
libristica 28
sección GAL
100 1# - ENTRADA PRINCIPAL--NOMBRE PERSONAL
Nombre personal Galli, Amanda
Función Coord.
9 (RLIN) 661
245 ## - TITULO PROPIAMENTE DICHO
Título Programa de Formación Docente Pedagógica. Curso de Aprendizaje y Evaluación.
Subtítulo y Título paralelo Vol.6 Evaluación del desempeño I. Exámenes orales y escritos /
Mención de responsabilidad y remanente de la transcripción de la portada Amanda Galli.
250 ## - MENCION DE EDICION
Mención de edición 1a ed.
260 ## - PIE DE IMPRENTA
Lugar de publicación, distribución, etc Buenos Aires:
Nombre de la editorial, distribuidor, etc OPS/OMS;
Fecha de publicación 1991.
300 ## - DESCRIPCION FISICA
Extension 87 p.
500 ## - NOTA GENERAL
Nota general Galli, A. y Castro, C. (1991). Programa de Formación Docente Pedagógica. Curso de Aprendizaje y Evaluación. Vol.6 Evaluación del desempeño I. Exámenes orales y escritos. (1a ed.). Buenos Aires : OPS/OMS.
653 ## - TÉRMINO INDIZADO - PALABRAS CLAVES
Palabra clave Formación docente
653 ## - TÉRMINO INDIZADO - PALABRAS CLAVES
Palabra clave Aprendizaje
653 ## - TÉRMINO INDIZADO - PALABRAS CLAVES
Palabra clave Evaluación
700 1# - ENTRADAS SECUNDARIAS - NOMBRE PERSONAL
Nombre personal Castro, Claudia.
9 (RLIN) 657
930 ## - NUMERO DE INVENTARIO
Número de inventario 348
930 ## - NUMERO DE INVENTARIO
Número de inventario 2163
930 ## - NUMERO DE INVENTARIO
Número de inventario 2164
930 ## - NUMERO DE INVENTARIO
Número de inventario 2165
930 ## - NUMERO DE INVENTARIO
Número de inventario 2166
942 ## - ADDED ENTRY ELEMENTS (KOHA)
Source of classification or shelving scheme Dewey Decimal Classification
Item type Libros
Existencias
Estado de retiro Existencia Fuente de clasificación Estado general No para prestamo Ubicación permanente ubicación actual Sala de ubicación Fecha de adquisición Total Checkouts Número de clasificación Código de barras Date last seen Date last borrowed Número de ejemplar Price effective from Koha tipo de elemento (item) Public note Coded location qualifier Total Renewals Checked out
    Dewey Decimal Classification     Biblioteca Medicina Biblioteca Medicina Circulación 13/05/2011 1 370.73 28 GAL 348 06/11/2014 21/05/2013 ej.1 13/05/2011 Libros Hemeroteca 2022      
    Dewey Decimal Classification     Biblioteca Medicina Biblioteca Medicina Circulación 13/05/2011   370.73 28 GAL 2163 06/11/2014   ej.2 13/05/2011 Libros Hemeroteca 2022      
    Dewey Decimal Classification     Biblioteca Medicina Biblioteca Medicina Circulación 13/05/2011   370.73 28 GAL 2164 06/11/2014   ej.3 13/05/2011 Libros Hemeroteca 2022      
    Dewey Decimal Classification     Biblioteca Medicina Biblioteca Medicina Circulación 13/05/2011   370.73 28 GAL 2165 06/11/2014   ej.4 13/05/2011 Libros Hemeroteca 2022      
    Dewey Decimal Classification     Biblioteca Medicina Biblioteca Medicina Referencia 06/09/2011 1 370.73 28 GAL 406 06/11/2014 06/09/2012 ej.5 06/09/2011 Libros LIBRO DE CATEDRA   11 01/03/2029

UNIVERSIDAD NACIONAL DEL COMAHUE
Biblioteca de la Facultad de Ciencias Médicas
Sede Toschi: Los Arrayanes y Av. Toschi, Cipolletti  - Rio Negro
Sede Los Tordos:  Yrigoyen al 2211, Cipolletti - Rio Negro 

Teléfono: 0299 - 4774707 int 25
Contacto: biblioteca@facimed.uncoma.edu.ar
© 2011 - 2026